[Event "10.Città di Padova Open A"]
[Site "Padova Ex Fornace Carotta"]
[Date "2007.12.19"]
[Round "5.13"]
[White "Belloni, Umberto"]
[Black "Conflitti, Alessandro"]
[Result "1-0"]
[WhiteElo "1912"]
[BlackElo "1664"]
[Annotator "Gabriele Ballarin"]
[PlyCount "121"]
[EventDate "2007.12.15"]
[EventType "swiss"]
[EventRounds "9"]
[EventCountry "ITA"]

1. d4 Nf6 2. c3 e6 3. Bg5 Be7 4. Nd2 d5 5. Bxf6 Bxf6 6. f4 b6 7. e3 O-O 8. Ngf3 g6 9. Bd3 Nd7 10. Rc1 Bb7 11. Qe2 c5 12. O-O Bg7 13. b4 Rc8 14. Ba6 Bxa6 15. Qxa6 Rc7 16. b5 Qc8 17. Qxc8 Rfxc8 18. Nb3 cxd4 19. cxd4 Rc2 20. Rxc2 Rxc2 21. Rf2 Rc3 22. Re2 Nb8 23. Kf2 a6 24. bxa6 Nxa6 25. Nfd2 Nb4 26. Nb1 Rc2 27. Rxc2 Nxc2 28. Ke2 Bf8 29. Kd2 Na3 30. Nxa3 Bxa3 31. Kc3 Kg7 32. Nd2 Kf6 33. Nf3 Bd6 34. Kd3 h6 35. Ke2 Kf5 36. h3 g5 37. g4+ Kg6 38. fxg5 hxg5 39. Nd2 f5 40. Kf3 f4 41. exf4 Bxf4 42. Nb1 Kf6 43. h4 e5 44. dxe5+ Bxe5 45. hxg5+ Kxg5 46. Na3 Kf6 47. Nc2 Ke6 48. Ke3 Kf6 49. Nb4 Ke6 50. Nc2 Kf6 51. Nb4 d4+ 52. Ke4 Bd6 53. Nd5+ Kg5 54. Nxb6 Kxg4 55. Kxd4 Bf8 56. a4 Bb4 57. Nd5 Ba5 58. Kc5 Kf5 59. Kb5 Bd8 60. Nb6 Bc7 61. Kc6 1-0

[Event "10.Città di Padova Open A"]
[Site "Padova Ex Fornace Carotta"]
[Date "2007.12.19"]
[Round "5.14"]
[White "Litrico, Paolo"]
[Black "Pichierri, Gianmatteo"]
[Result "1-0"]
[WhiteElo "1823"]
[BlackElo "1569"]
[Annotator "Gabriele Ballarin"]
[PlyCount "65"]
[EventDate "2007.12.15"]
[EventType "swiss"]
[EventRounds "9"]
[EventCountry "ITA"]

1. d4 d5 2. Bf4 Nf6 3. e3 Bf5 4. c4 c6 5. Qb3 Nbd7 6. Nf3 e6 7. Qxb7 c5 8. Nc3 Qc8 9. Qb3 dxc4 10. Bxc4 Be7 11. d5 Nb6 12. Bb5+ Nfd7 13. Bc6 Rb8 14. Bxb8 Qxb8 15. Bxd7+ Nxd7 16. Qxb8+ Nxb8 17. e4 Bg6 18. dxe6 fxe6 19. Ne5 Bh5 20. Nb5 O-O 21. Nxa7 c4 22. Nac6 Bf6 23. Rc1 Nxc6 24. Nxc6 Be8 25. Rxc4 Bh5 26. b4 Ra8 27. Rc2 Bg6 28. f3 Bh4+ 29. Ke2 Bg5 30. Rd1 Kf8 31. b5 Bf4 32. g3 Bg5 33. b6 1-0

[Event "10.Città di Padova Open A"]
[Site "Padova Ex Fornace Carotta"]
[Date "2007.12.19"]
[Round "5.15"]
[White "Chiesa, Roberto"]
[Black "Battagin_214, Mosè"]
[Result "0-1"]
[WhiteElo "1709"]
[BlackElo "1701"]
[Annotator "Gabriele Ballarin"]
[PlyCount "56"]
[EventDate "2007.12.15"]
[EventType "swiss"]
[EventRounds "9"]
[EventCountry "ITA"]

1. d4 d6 2. Nf3 g6 3. Bf4 Bg7 4. e3 Nf6 5. Be2 O-O 6. h3 Nbd7 7. O-O c5 8. c3 b6 9. Nbd2 Bb7 10. a4 a6 11. Qb3 Rb8 12. Qc2 Rc8 13. Bh2 Ne8 14. Qb3 Rb8 15. Rfc1 Nc7 16. e4 b5 17. d5 f5 18. Ng5 c4 19. Qc2 Nc5 20. axb5 axb5 21. Ne6 N7xe6 22. dxe6 fxe4 23. b3 Qb6 24. bxc4 Rxf2 25. Bf1 e3 26. Rcb1 Qc6 27. Qd1 Rxg2+ 28. Kh1 Rxd2+ 0-1

[Event "10.Città di Padova Open A"]
[Site "Padova Ex Fornace Carotta"]
[Date "2007.12.19"]
[Round "5.16"]
[White "Stiz, Massimiliano"]
[Black "Zanini, Andrea"]
[Result "1/2-1/2"]
[WhiteElo "2086"]
[BlackElo "1646"]
[Annotator "Gabriele Ballarin"]
[PlyCount "62"]
[EventDate "2007.12.15"]
[EventType "swiss"]
[EventRounds "9"]
[EventCountry "ITA"]

1. e4 d6 2. d4 g6 3. Nc3 e6 4. Nf3 Bg7 5. Bc4 Nd7 6. O-O a6 7. Re1 Ne7 8. Bg5 h6 9. Be3 b6 10. Qd2 Bb7 11. Rad1 Nf6 12. Bd3 g5 13. e5 Nfd5 14. Qe2 Nxc3 15. bxc3 Nd5 16. Bd2 g4 17. Ng5 hxg5 18. Qxg4 Rh4 19. Qg3 Bh6 20. c4 Nf4 21. d5 Nxd3 22. Qxd3 Bc8 23. g3 Rh3 24. Bb4 Bf8 25. Qf3 Be7 26. dxe6 Bxe6 27. Qc6+ Bd7 28. Qg2 Rh6 29. exd6 cxd6 30. Bxd6 Re6 31. Bc7 Qc8 1/2-1/2

[Event "10.Città di Padova Open A"]
[Site "Padova Ex Fornace Carotta"]
[Date "2007.12.19"]
[Round "5.17"]
[White "Fortunato, Lorenzo"]
[Black "Casciello, Dimitri"]
[Result "0-1"]
[WhiteElo "1440"]
[BlackElo "2017"]
[Annotator "Gabriele Ballarin"]
[PlyCount "86"]
[EventDate "2007.12.15"]
[EventType "swiss"]
[EventRounds "9"]
[EventCountry "ITA"]

1. e4 c5 2. Ne2 d6 3. Nbc3 Nc6 4. g3 g6 5. Bg2 Bg7 6. d3 e6 7. O-O Nge7 8. Bg5 O-O 9. Qd2 Nd4 10. a3 Rb8 11. Rab1 b6 12. Na2 Nxe2+ 13. Qxe2 h6 14. Be3 Qc7 15. Qd2 Kh7 16. Nc3 Ba6 17. b3 b5 18. b4 cxb4 19. Na2 bxa3 20. Qb4 Bc8 21. Qxa3 a5 22. Rfc1 Bd7 23. d4 b4 24. Qd3 Rfc8 25. Rb2 Bb5 26. Qd2 Bc4 27. Ra1 Nc6 28. c3 Bxa2 29. Rbxa2 bxc3 30. Qxc3 Nxd4 31. Bxd4 Qxc3 32. Bxc3 Bxc3 33. Rc1 Bb4 34. Rcc2 Rxc2 35. Rxc2 a4 36. Rc7 Kg7 37. Ra7 a3 38. Bf1 Bc5 39. Ra4 Rb2 40. Bc4 Bxf2+ 41. Kg2 Bc5+ 42. Kh3 Kf6 43. g4 Rb4 0-1

[Event "10.Città di Padova Open A"]
[Site "Padova Ex Fornace Carotta"]
[Date "2007.12.19"]
[Round "5.18"]
[White "Rossi, Giampiero"]
[Black "Topollaj, Mark"]
[Result "1/2-1/2"]
[WhiteElo "1991"]
[BlackElo "1413"]
[Annotator "Gabriele Ballarin"]
[PlyCount "47"]
[EventDate "2007.12.15"]
[EventType "swiss"]
[EventRounds "9"]
[EventCountry "ITA"]

1. d4 d5 2. c4 Nf6 3. cxd5 Nxd5 4. g3 Bf5 5. Bg2 Bxb1 6. Rxb1 c6 7. a3 e6 8. e4 Nf6 9. Ne2 Be7 10. O-O Nbd7 11. Nc3 e5 12. d5 Bc5 13. b4 Bd4 14. Ne2 Bb6 15. dxc6 bxc6 16. Bb2 O-O 17. Qb3 c5 18. Nc3 Rc8 19. Nd5 cxb4 20. axb4 Re8 21. Rfd1 Nxd5 22. Rxd5 Qe7 23. Rbd1 Rcd8 24. Bc3 1/2-1/2

[Event "10.Città di Padova Open A"]
[Site "Padova Ex Fornace Carotta"]
[Date "2007.12.19"]
[Round "5.19"]
[White "De Marchi, Alessandro"]
[Black "Franz, Paolo"]
[Result "1-0"]
[WhiteElo "1719"]
[BlackElo "1500"]
[Annotator "Gabriele Ballarin"]
[PlyCount "73"]
[EventDate "2007.12.15"]
[EventType "swiss"]
[EventRounds "9"]
[EventCountry "ITA"]

1. e4 d6 2. d4 Nf6 3. Nc3 g6 4. f3 Bg7 5. Be3 a6 6. Qd2 b5 7. O-O-O O-O 8. Bh6 Nc6 9. g4 Na5 10. h4 Bb7 11. Bxg7 Kxg7 12. h5 Rh8 13. b3 c5 14. hxg6 hxg6 15. Rxh8 Qxh8 16. dxc5 dxc5 17. g5 Nh5 18. Nd5 Bxd5 19. Qxd5 Qc8 20. Qe5+ Kg8 21. Qxe7 Nf4 22. Rd7 Qf8 23. Qe5 Ne6 24. Bh3 Re8 25. Bxe6 Rxe6 26. Qc7 Nc6 27. Nh3 Ne5 28. Rd8 Re8 29. Rxe8 Qxe8 30. f4 Nc6 31. Nf2 Qe6 32. Qb6 c4 33. Qxa6 c3 34. Qxb5 Qd6 35. Nd3 Qa3+ 36. Kb1 Nd4 37. Qe8+ 1-0

[Event "10.Città di Padova Open A"]
[Site "Padova Ex Fornace Carotta"]
[Date "2007.12.19"]
[Round "5.20"]
[White "Mazzella, Riccardo"]
[Black "Lodi, Paolo"]
[Result "0-1"]
[WhiteElo "1371"]
[BlackElo "1465"]
[Annotator "Gabriele Ballarin"]
[PlyCount "60"]
[EventDate "2007.12.15"]
[EventType "swiss"]
[EventRounds "9"]
[EventCountry "ITA"]

1. d4 f5 2. c4 Nf6 3. Nc3 e6 4. Bg5 Be7 5. e3 O-O 6. Nf3 Ne4 7. Bxe7 Qxe7 8. c5 a6 9. Qc2 Nf6 10. Bd3 Nc6 11. O-O Nb4 12. Qd2 Nxd3 13. Qxd3 b5 14. cxb6 cxb6 15. Rfd1 Bb7 16. Ne5 b5 17. Qf1 d6 18. Nd3 Ng4 19. h3 Nh6 20. a3 g5 21. g3 Qg7 22. Kh2 Rf6 23. f4 Nf7 24. Qf2 Rh6 25. Rg1 g4 26. h4 Qf6 27. e4 fxe4 28. Nb4 e3 29. Qxe3 Rxh4+ 30. gxh4 Qxh4+ 0-1

[Event "10.Città di Padova Open A"]
[Site "Padova Ex Fornace Carotta"]
[Date "2007.12.20"]
[Round "6.2"]
[White "Naumkin, Igor"]
[Black "Manca, Federico"]
[Result "1-0"]
[WhiteElo "2486"]
[BlackElo "2405"]
[Annotator "Gabriele Ballarin"]
[PlyCount "71"]
[EventDate "2007.12.15"]
[EventType "swiss"]
[EventRounds "9"]
[EventCountry "ITA"]

1. d4 Nf6 2. c4 g6 3. Nc3 Bg7 4. e4 d6 5. Nf3 O-O 6. Be2 e5 7. O-O Nc6 8. d5 Ne7 9. b4 Nh5 10. Re1 Nf4 11. Bf1 a5 12. bxa5 Rxa5 13. a4 h6 14. Ba3 f5 15. Nd2 b6 16. Bb4 Ra8 17. Nb5 fxe4 18. Nxe4 Nf5 19. a5 bxa5 20. Rxa5 Rb8 21. Ra7 Nd4 22. Rxc7 Qh4 23. Rxg7+ Kxg7 24. Bxd6 Nh3+ 25. gxh3 Nf3+ 26. Qxf3 Rxf3 27. Bxe5+ Kh7 28. Bxb8 Rxh3 29. Bg3 Qd8 30. Bxh3 Bxh3 31. Ra1 g5 32. Ra7+ Kg6 33. Ra6+ Kh7 34. Be5 Qc8 35. Ra7+ Kg6 36. Rg7+ 1-0

[Event "10.Città di Padova Open A"]
[Site "Padova Ex Fornace Carotta"]
[Date "2007.12.20"]
[Round "6.3"]
[White "Okhotnik, Vladimir"]
[Black "De Santis, Alessio"]
[Result "1-0"]
[WhiteElo "2433"]
[BlackElo "2367"]
[Annotator "Gabriele Ballarin"]
[PlyCount "103"]
[EventDate "2007.12.15"]
[EventType "swiss"]
[EventRounds "9"]
[EventCountry "ITA"]

1. e4 g6 2. d4 Bg7 3. Na3 d6 4. c3 Nf6 5. f3 Nbd7 6. Be3 c5 7. dxc5 Nxc5 8. e5 Nfd7 9. exd6 exd6 10. Qxd6 Be5 11. Qd5 Qe7 12. Nc4 Bc7 13. O-O-O O-O 14. Bg5 Qe6 15. Qxe6 Nxe6 16. Be7 Bf4+ 17. Kc2 Re8 18. Bd6 Bh6 19. h4 Nf6 20. g4 Bg7 21. h5 b6 22. h6 Bf8 23. Be5 Nd7 24. Bg3 Ndc5 25. b4 Bd7 26. Nb2 Rac8 27. bxc5 Nxc5 28. Bc4 b5 29. Bd5 b4 30. c4 a5 31. Bf2 Be6 32. Bxc5 Rxc5 33. Bxe6 Rxe6 34. Rh2 a4 35. Rd4 b3+ 36. axb3 axb3+ 37. Kxb3 Rb6+ 38. Kc2 Rc8 39. Ne2 g5 40. Nc3 Rcb8 41. Nd3 Bxh6 42. c5 Rg6 43. Nd5 Bf8 44. Rc4 Ra6 45. N3b4 Re6 46. Rd2 Rc8 47. c6 Bd6 48. Re4 Rxe4 49. fxe4 Bxb4 50. Nxb4 Kg7 51. Rd6 h5 52. gxh5 1-0

[Event "10.Città di Padova Open A"]
[Site "Padova Ex Fornace Carotta"]
[Date "2007.12.20"]
[Round "6.4"]
[White "Dragojlovic, Andjelko"]
[Black "Rossi, Carlo"]
[Result "1-0"]
[WhiteElo "2409"]
[BlackElo "2342"]
[Annotator "Gabriele Ballarin"]
[PlyCount "32"]
[EventDate "2007.12.15"]
[EventType "swiss"]
[EventRounds "9"]
[EventCountry "ITA"]

1. e4 e5 2. Nc3 Nc6 3. Bc4 Nf6 4. d3 Bb4 5. Bg5 h6 6. Bxf6 Bxc3+ 7. bxc3 Qxf6 8. Ne2 d6 9. d4 g5 10. Bb5 O-O 11. Bxc6 bxc6 12. Ng3 d5 13. O-O dxe4 14. Re1 Bf5 15. Nxe4 Qg6 16. f3 Rad8 1-0

[Event "10.Città di Padova Open A"]
[Site "Padova Ex Fornace Carotta"]
[Date "2007.12.20"]
[Round "6.5"]
[White "Mrdja, Milan"]
[Black "Quaranta, Cristiano"]
[Result "0-1"]
[WhiteElo "2408"]
[BlackElo "2070"]
[Annotator "Gabriele Ballarin"]
[PlyCount "58"]
[EventDate "2007.12.15"]
[EventType "swiss"]
[EventRounds "9"]
[EventCountry "ITA"]

1. e4 e6 2. d4 d5 3. Nc3 dxe4 4. Nxe4 Nd7 5. Nf3 Ngf6 6. Bg5 Be7 7. Nxf6+ Bxf6 8. h4 h6 9. Be3 Nb6 10. Qd2 Nd5 11. O-O-O Nxe3 12. fxe3 Bd7 13. Bd3 Bc6 14. Qf2 Bxf3 15. gxf3 Qd7 16. h5 O-O-O 17. f4 Rdg8 18. Kb1 g5 19. fxg5 Bxg5 20. e4 Rf8 21. Rhf1 f6 22. c3 Kb8 23. Qc2 Qc6 24. Be2 Rd8 25. Bf3 e5 26. d5 Qd6 27. Bg4 Rhg8 28. Bf5 Bf4 29. Bg6 Qb6 0-1

[Event "10.Città di Padova Open A"]
[Site "Padova Ex Fornace Carotta"]
[Date "2007.12.20"]
[Round "6.6"]
[White "Navarro, Stefano"]
[Black "Kizov, Atanas"]
[Result "0-1"]
[WhiteElo "2258"]
[BlackElo "2396"]
[Annotator "Gabriele Ballarin"]
[PlyCount "74"]
[EventDate "2007.12.15"]
[EventType "swiss"]
[EventRounds "9"]
[EventCountry "ITA"]

1. e4 e5 2. Nf3 Nc6 3. Bc4 Nf6 4. d3 Be7 5. O-O O-O 6. c3 h6 7. Re1 Re8 8. Qb3 Rf8 9. Qc2 d6 10. d4 exd4 11. Nxd4 Ne5 12. Bf1 c5 13. Nb3 Re8 14. f4 Nc6 15. N1d2 Bf8 16. h3 a6 17. a4 b6 18. Nf3 Qc7 19. Nbd2 Bb7 20. Bd3 Re7 21. b3 Rae8 22. Nf1 g6 23. Ng3 Bg7 24. Bb2 Na5 25. Nd2 Nd5 26. Rf1 Ne3 27. Qb1 Nxf1 28. Qxf1 c4 29. bxc4 h5 30. Rd1 Qc5+ 31. Qf2 Bc6 32. Bc2 Nb7 33. h4 Bh6 34. Rf1 Qxf2+ 35. Rxf2 Nc5 36. Ba3 a5 37. Kh2 Bg7 0-1

[Event "10.Città di Padova Open A"]
[Site "Padova Ex Fornace Carotta"]
[Date "2007.12.20"]
[Round "6.7"]
[White "Gallo, Enrico"]
[Black "Vuelban, Virgilio"]
[Result "0-1"]
[WhiteElo "2077"]
[BlackElo "2399"]
[Annotator "Gabriele Ballarin"]
[PlyCount "107"]
[EventDate "2007.12.15"]
[EventType "swiss"]
[EventRounds "9"]
[EventCountry "ITA"]

1. e4 c5 2. Nf3 Nc6 3. d4 cxd4 4. Nxd4 Nf6 5. Nc3 d6 6. Bg5 e6 7. Qd2 Be7 8. f4 O-O 9. O-O-O Nxd4 10. Qxd4 Qa5 11. e5 dxe5 12. Qxe5 Qb6 13. h3 h6 14. Bh4 Bd7 15. Bd3 Bc6 16. f5 Nd7 17. Qe1 Bxh4 18. Qxh4 Qe3+ 19. Kb1 Nc5 20. fxe6 Nxe6 21. Ne4 Qf4 22. Qe1 Rad8 23. Rf1 Qe5 24. g3 Rfe8 25. Nc3 Qxe1 26. Rfxe1 Bf3 27. Rc1 Nc5 28. Bb5 Rxe1 29. Rxe1 a6 30. Bf1 Rd2 31. Re8+ Kh7 32. b4 Ne4 33. Bd3 Rxd3 34. cxd3 Nxc3+ 35. Kb2 Nd5 36. Kb3 f5 37. Kc4 g5 38. a3 f4 39. gxf4 Nxf4 40. d4 h5 41. Rf8 Bd5+ 42. Kc3 Nxh3 43. Rf5 Bg2 44. d5 Kg6 45. d6 Bc6 46. Rd5 Nf4 47. Rd1 Bd7 48. Kd4 Kf6 49. Kc5 g4 50. Kb6 Bc6 51. Kc7 Ne6+ 52. Kc8 Nf8 53. Rf1+ Kg7 54. Rf5 0-1

[Event "10.Città di Padova Open A"]
[Site "Padova Ex Fornace Carotta"]
[Date "2007.12.20"]
[Round "6.8"]
[White "Sgaravatti, Francesco"]
[Black "Panican, Gheorghe"]
[Result "0-1"]
[WhiteElo "2175"]
[BlackElo "2104"]
[Annotator "Gabriele Ballarin"]
[PlyCount "47"]
[EventDate "2007.12.15"]
[EventType "swiss"]
[EventRounds "9"]
[EventCountry "ITA"]

1. e4 c5 2. Nf3 d6 3. d4 cxd4 4. Nxd4 Nf6 5. Nc3 a6 6. Bg5 Nc6 7. Qd2 Bd7 8. O-O-O Nxd4 9. Qxd4 Qa5 10. f4 Rc8 11. e5 dxe5 12. fxe5 Be6 13. Bb5+ axb5 14. exf6 b4 15. Ne4 gxf6 16. Rhe1 Bg7 17. Nxf6+ Kf8 18. Nd7+ Kg8 19. Nf6+ exf6 20. Bxf6 Qf5 21. Qd8+ Rxd8 22. Rxd8+ Bf8 23. Rxf8+ Kxf8 24. Bxh8 0-1

[Event "10.Città di Padova Open A"]
[Site "Padova Ex Fornace Carotta"]
[Date "2007.12.20"]
[Round "6.9"]
[White "Faccia, Sergio"]
[Black "Pomaro, Alberto"]
[Result "0-1"]
[WhiteElo "2071"]
[BlackElo "2153"]
[Annotator "Gabriele Ballarin"]
[PlyCount "120"]
[EventDate "2007.12.15"]
[EventType "swiss"]
[EventRounds "9"]
[EventCountry "ITA"]

1. e4 e6 2. c4 d5 3. cxd5 exd5 4. d4 dxe4 5. Bc4 Bd6 6. Nc3 Nf6 7. Bg5 O-O 8. Nge2 Bf5 9. Ng3 Bg6 10. O-O Nc6 11. Ngxe4 Nxd4 12. Nxf6+ gxf6 13. Bh6 Re8 14. Nd5 Nf5 15. Bd2 Re4 16. Bb3 Rd4 17. Qc1 c6 18. Nf4 Qc7 19. g3 Be5 20. Nxg6 hxg6 21. f4 Bd6 22. Bc3 Qb6 23. Kh1 Re4 24. Bc2 Re2 25. Bxf5 gxf5 26. Qd1 Re6 27. Re1 Rae8 28. Qd2 Bf8 29. Rxe6 Rxe6 30. Re1 Rd6 31. Qe3 Qb5 32. Kg2 Re6 33. Qd2 Rxe1 34. Qxe1 Qd5+ 35. Kh3 Kg7 36. a3 Qf3 37. Qg1 Kg6 38. Bd4 c5 39. Be3 b6 40. Qf2 Qh1 41. Bd2 Qd5 42. Bc3 Qe4 43. Qd2 Qf3 44. Qe1 b5 45. Bd2 b4 46. axb4 cxb4 47. Be3 a5 48. Qf2 Qh1 49. Qg2 Qd1 50. Qd2 Qf3 51. Qf2 Qc6 52. Kh4 Qe4 53. h3 a4 54. g4 a3 55. bxa3 bxa3 56. Bc1 a2 57. gxf5+ Kxf5 58. Bb2 Qxf4+ 59. Qxf4+ Kxf4 60. Bxf6 Bd6 0-1

[Event "10.Città di Padova Open A"]
[Site "Padova Ex Fornace Carotta"]
[Date "2007.12.20"]
[Round "6.10"]
[White "Litrico, Paolo"]
[Black "Rettore, Ludwig"]
[Result "0-1"]
[WhiteElo "1823"]
[BlackElo "2177"]
[Annotator "Gabriele Ballarin"]
[PlyCount "108"]
[EventDate "2007.12.15"]
[EventType "swiss"]
[EventRounds "9"]
[EventCountry "ITA"]

1. d4 d5 2. Bf4 Nf6 3. e3 c5 4. c3 Qb6 5. Qc2 Nc6 6. Nd2 g6 7. Ngf3 Bg7 8. dxc5 Qxc5 9. Bd3 O-O 10. h3 Re8 11. Be5 Nxe5 12. Nxe5 Nd7 13. Nxd7 Bxd7 14. O-O Rac8 15. Nb3 Qc7 16. Rad1 e5 17. Qd2 Be6 18. Bb1 Red8 19. Qe2 a6 20. Rfe1 b5 21. h4 h5 22. Rd2 Bf6 23. g3 Bg4 24. f3 e4 25. fxg4 Qxg3+ 26. Kh1 Qxh4+ 27. Kg2 Be5 28. Rh1 Qg3+ 29. Kf1 Rd6 30. Qg2 Rf6+ 31. Rf2 Rxf2+ 32. Qxf2 Qxg4 33. Qe2 Qg5 34. Ke1 b4 35. cxb4 Qf6 36. Rf1 Bg3+ 37. Kd1 Qd6 38. Nc5 Rc6 39. a3 a5 40. Ba2 axb4 41. axb4 Qb8 42. Qd2 Qb5 43. Rg1 Be5 44. Ke1 Rd6 45. Rf1 Bg3+ 46. Rf2 Bxf2+ 47. Kxf2 Rf6+ 48. Kg3 Rf3+ 49. Kh4 Qb8 50. Qg2 Qd8+ 51. Qg5 Rh3+ 52. Kxh3 Qxg5 53. Na6 Qxe3+ 54. Kh4 Qf3 0-1

[Event "10.Città di Padova Open A"]
[Site "Padova Ex Fornace Carotta"]
[Date "2007.12.20"]
[Round "6.11"]
[White "Battagin_214, Mosè"]
[Black "Opacic, Alexandar"]
[Result "1-0"]
[WhiteElo "1701"]
[BlackElo "2109"]
[Annotator "Gabriele Ballarin"]
[PlyCount "78"]
[EventDate "2007.12.15"]
[EventType "swiss"]
[EventRounds "9"]
[EventCountry "ITA"]

1. e4 c5 2. Nc3 e6 3. f4 d6 4. Nf3 Nc6 5. Bb5 Bd7 6. O-O Nge7 7. d3 a6 8. Bxc6 Bxc6 9. Qe1 g6 10. b3 Bg7 11. Bb2 O-O 12. a4 Qa5 13. Nd5 exd5 14. Qxa5 Bxb2 15. Rae1 d4 16. Qc7 Nc8 17. e5 Bxf3 18. gxf3 Bc3 19. Re2 Re8 20. Rff2 d5 21. Qxb7 Ne7 22. Qd7 a5 23. Rg2 Bb4 24. Qg4 Kf8 25. Qh4 Ra6 26. Qxh7 Nf5 27. h4 Ke7 28. h5 Ne3 29. Rxg6 Raa8 30. e6 Rf8 31. exf7 Rxf7 32. Rg7 Raf8 33. h6 c4 34. dxc4 Bd6 35. cxd5 Bxf4 36. Qe4+ Kd8 37. Rxf7 Rxf7 38. h7 Rg7+ 39. Kh1 Nf1 1-0

[Event "10.Città di Padova Open A"]
[Site "Padova Ex Fornace Carotta"]
[Date "2007.12.20"]
[Round "6.12"]
[White "Cardili, Mariano"]
[Black "Belloni, Umberto"]
[Result "1-0"]
[WhiteElo "2100"]
[BlackElo "1912"]
[Annotator "Gabriele Ballarin"]
[PlyCount "37"]
[EventDate "2007.12.15"]
[EventType "swiss"]
[EventRounds "9"]
[EventCountry "ITA"]

1. d4 d5 2. c4 c6 3. Nf3 e6 4. e3 Bd6 5. Nc3 Nd7 6. Qc2 f5 7. Bd2 Ngf6 8. cxd5 cxd5 9. Nb5 Bb8 10. Bb4 Ne4 11. Rc1 Kf7 12. Bd3 a6 13. Nc7 Ra7 14. Bxe4 fxe4 15. Ne5+ Nxe5 16. dxe5 b6 17. Bd6 Qd7 18. O-O Re8 19. Nxe8 1-0

[Event "10.Città di Padova Open A"]
[Site "Padova Ex Fornace Carotta"]
[Date "2007.12.20"]
[Round "6.14"]
[White "Palumbo, Giuseppe"]
[Black "Moratto, Davide"]
[Result "1-0"]
[WhiteElo "1613"]
[BlackElo "1855"]
[Annotator "Gabriele Ballarin"]
[PlyCount "101"]
[EventDate "2007.12.15"]
[EventType "swiss"]
[EventRounds "9"]
[EventCountry "ITA"]

1. e4 c5 2. Nf3 d6 3. d4 cxd4 4. Nxd4 Nf6 5. Nc3 a6 6. Be2 e5 7. Nb3 Be7 8. f4 exf4 9. Bxf4 O-O 10. Qd2 Nc6 11. Rd1 Ne5 12. O-O Be6 13. Qd4 Nc6 14. Qf2 Qc7 15. Qg3 Rfd8 16. Bh6 Ne8 17. Nd5 Bxd5 18. exd5 Ne5 19. Nd4 Kh8 20. Be3 Nf6 21. Nf5 Rg8 22. c4 Bf8 23. Qh4 Ng6 24. Qg3 Re8 25. Rde1 Re4 26. b3 Ne5 27. h3 g6 28. Nh6 Bxh6 29. Bxh6 Nh5 30. Qf2 Qc5 31. Qxc5 dxc5 32. Bxh5 Rxe1 33. Rxe1 Re8 34. Rxe5 Rxe5 35. Bf3 f6 36. Bf4 Re8 37. d6 Kg8 38. Bxb7 g5 39. Bg3 h5 40. d7 Rd8 41. Bc8 Kf7 42. Bc7 Ke7 43. Bxd8+ Kxd8 44. Kf2 f5 45. Kf3 h4 46. g3 hxg3 47. Kxg3 a5 48. h4 f4+ 49. Kg4 gxh4 50. Kxh4 f3 51. Kg3 1-0

[Event "10.Città di Padova Open A"]
[Site "Padova Ex Fornace Carotta"]
[Date "2007.12.20"]
[Round "6.16"]
[White "Zanini, Andrea"]
[Black "Rossi, Giampiero"]
[Result "0-1"]
[WhiteElo "1646"]
[BlackElo "1991"]
[Annotator "Gabriele Ballarin"]
[PlyCount "92"]
[EventDate "2007.12.15"]
[EventType "swiss"]
[EventRounds "9"]
[EventCountry "ITA"]

1. d4 d5 2. Nf3 c6 3. e3 Bf5 4. c4 e6 5. Qb3 Qb6 6. Qxb6 axb6 7. a3 Nf6 8. Nc3 h6 9. cxd5 exd5 10. Be2 Nbd7 11. O-O Bd6 12. h3 O-O 13. Rd1 Rfe8 14. Nh4 Bc2 15. Rd2 Bh7 16. Rd1 b5 17. b4 Bxb4 18. Bb2 Bf8 19. Nf3 Nb6 20. Nd2 Na4 21. Nxa4 Rxa4 22. Rdc1 Rea8 23. Nb3 Bxa3 24. Bxa3 Rxa3 25. Rxa3 Rxa3 26. Nc5 Ra7 27. Nb3 Bf5 28. g4 Bd7 29. Nc5 Be8 30. Nb3 Ne4 31. f3 Nd6 32. Kf2 f6 33. Bd3 g5 34. f4 Ra3 35. Rb1 Ra2+ 36. Kf3 Nc4 37. Rd1 Ra3 38. Bxc4 bxc4 39. Nc5 b6 40. Nb7 Kf8 41. Nd6 Bd7 42. fxg5 hxg5 43. Nf5 Bxf5 44. gxf5 b5 45. Ke2 Ra2+ 46. Kf3 b4 0-1

[Event "10.Città di Padova Open A"]
[Site "Padova Ex Fornace Carotta"]
[Date "2007.12.20"]
[Round "6.17"]
[White "Pichierri, Gianmatteo"]
[Black "De Marchi, Alessandro"]
[Result "1/2-1/2"]
[WhiteElo "1569"]
[BlackElo "1719"]
[Annotator "Gabriele Ballarin"]
[PlyCount "52"]
[EventDate "2007.12.15"]
[EventType "swiss"]
[EventRounds "9"]
[EventCountry "ITA"]

1. e4 e5 2. f4 Nc6 3. Nf3 d6 4. Bc4 h6 5. O-O Nf6 6. Nc3 Be7 7. d3 a6 8. a4 b6 9. fxe5 dxe5 10. Be3 O-O 11. Nd5 Ng4 12. Qd2 Nxe3 13. Nxe3 Bc5 14. Bd5 Bb7 15. Bxc6 Bxc6 16. Nxe5 Bxe4 17. Kh1 f6 18. Nf3 Bxf3 19. Rxf3 Bxe3 20. Rxe3 Re8 21. Rae1 Qd7 22. Qb4 Rxe3 23. Rxe3 a5 24. Qc4+ Kf8 25. Kg1 Re8 26. Rxe8+ Qxe8 1/2-1/2

[Event "10.Città di Padova Open A"]
[Site "Padova Ex Fornace Carotta"]
[Date "2007.12.20"]
[Round "6.18"]
[White "Topollaj, Mark"]
[Black "Chiesa, Roberto"]
[Result "1/2-1/2"]
[WhiteElo "1413"]
[BlackElo "1709"]
[Annotator "Gabriele Ballarin"]
[PlyCount "130"]
[EventDate "2007.12.15"]
[EventType "swiss"]
[EventRounds "9"]
[EventCountry "ITA"]

1. e4 e6 2. d4 d5 3. f3 dxe4 4. fxe4 Qh4+ 5. Kd2 Qxe4 6. Ne2 Nf6 7. Nbc3 Bb4 8. Ke1 Nc6 9. Qd3 Qxd3 10. cxd3 Bd7 11. h3 O-O-O 12. Bd2 Rhe8 13. Kd1 h6 14. Kc2 Ba5 15. Ne4 Nd5 16. Bxa5 Nxa5 17. Rc1 Nc6 18. Kd2 Nde7 19. g4 f5 20. Nc5 b6 21. Nb3 Nd5 22. Bg2 Nce7 23. Rhf1 fxg4 24. hxg4 Rf8 25. Be4 Rf6 26. Ng3 Rdf8 27. Rxf6 Rxf6 28. Ke2 Nf4+ 29. Ke1 Bb5 30. Kd2 Ned5 31. a3 Kb8 32. Rf1 a5 33. Nc1 Kc8 34. Nce2 Ba6 35. Nc3 Kd7 36. Bxd5 Nxd5 37. Nxd5 exd5 38. Rxf6 gxf6 39. Nf5 Ke6 40. Nxh6 Ke7 41. Ke3 a4 42. Kd2 c5 43. dxc5 bxc5 44. d4 cxd4 45. Nf5+ Ke6 46. Nxd4+ Ke5 47. Ke3 Bc8 48. Nf3+ Kd6 49. g5 fxg5 50. Nxg5 Kc5 51. Kd3 Bf5+ 52. Kc3 d4+ 53. Kd2 Kc4 54. Nf3 Be4 55. Ne5+ Kb3 56. Kc1 Bd5 57. Nd3 Kc4 58. Ne5+ Kb3 59. Nd3 Bc6 60. Nc5+ Kc4 61. Ne6 Kd3 62. Nc5+ Ke2 63. b3 axb3 64. Nxb3 d3 65. Kb1 Be4 1/2-1/2

[Event "10.Città di Padova Open A"]
[Site "Padova Ex Fornace Carotta"]
[Date "2007.12.20"]
[Round "6.19"]
[White "Lodi, Paolo"]
[Black "Fortunato, Lorenzo"]
[Result "1-0"]
[WhiteElo "1465"]
[BlackElo "1440"]
[Annotator "Gabriele Ballarin"]
[PlyCount "83"]
[EventDate "2007.12.15"]
[EventType "swiss"]
[EventRounds "9"]
[EventCountry "ITA"]

1. Nf3 Nf6 2. c4 c5 3. b3 e6 4. Bb2 Be7 5. g3 b6 6. Bg2 Bb7 7. O-O d6 8. d4 cxd4 9. Bxd4 Qc7 10. Nbd2 Nbd7 11. Re1 O-O 12. Qb1 Rac8 13. Qb2 a6 14. Rac1 e5 15. Bc3 Nc5 16. Qc2 h6 17. e4 Bc6 18. Nh4 Nh7 19. Nf5 Bg5 20. h4 Bxd2 21. Bxd2 Nf6 22. f3 Kh7 23. Bh3 Bd7 24. g4 Rg8 25. Be3 Bxf5 26. exf5 Qc6 27. Kf2 e4 28. f4 Nd3+ 29. Kg3 Nxe1 30. Rxe1 b5 31. Qe2 bxc4 32. Rc1 c3 33. g5 Nd5 34. Bd4 Rge8 35. Qh5 Qb5 36. Bf1 Qd7 37. Bxg7 f6 38. Qxh6+ Kg8 39. Qh8+ Kf7 40. Qh7 Rg8 41. Bxf6+ Ke8 42. Qxg8# 1-0